000 00544nam a22001577a 4500
999 _c533713
_d533713
003 NUST
005 20200116152752.0
008 200116b ||||| |||| 00| 0 eng d
038 _aNusrat Nadeem
082 _a004 RAH
100 _a Qadeer Rahma
_927677
245 _aMS Thesis:Integrated Structure- and Ligand-Based Pharmacoinformatics Protocol for the Modulation of Monoamine Oxidase B (MAO-B) in Parkinson’s disease
_cRahma Qadeer
260 _aIslamabad
_bRCMS NUST
_c2019
710 _4Dr.Ishrat Jabeen [Supervisor]
942 _2ddc
_cTHE